Nemovitosti.

Jednou z reálnych investícií sú nehnuteľnosti. Návod na postup pri kúpe nehnuteľností. Odporúčanie využívať pri kúpe nehnuteľností služby realitných kancelárií.

Gespeichert in:
Bibliographische Detailangaben
Format: Buchkapitel
Sprache:Tschechisch
Schlagworte:
Tags: Tag hinzufügen
Keine Tags, Fügen Sie das erste Tag hinzu!

MARC

LEADER 00000naa a2200000 4500
001 r007583
005 20220831083840.2
041 0 |a cze 
044 |a [CS] 
245 1 0 |a Nemovitosti. 
520 |a Jednou z reálnych investícií sú nehnuteľnosti. Návod na postup pri kúpe nehnuteľností. Odporúčanie využívať pri kúpe nehnuteľností služby realitných kancelárií. 
610 2 0 |a nehnuteľnosti 
610 2 0 |a nákup 
610 2 0 |a kancelárie realitné 
610 2 0 |a predaj